Discurso leído en la solemne inauguración del Curso Académico de 1918 a 1919 por el Doctor D. Arturo de Redondo y Carranceja. (Record no. 124224)

MARC details
000 -LEADER
campo de control de longitud fija 00762nam a2200205 4500
001 - NÚMERO DE CONTROL
campo de control 124224
003 - IDENTIFICADOR DE NÚMERO DE CONTROL
campo de control ES-MaACL
005 - FECHA Y HORA DE LA ÚLTIMA TRANSACCIÓN
campo de control 20250717081028.0
007 - CAMPO FIJO DE DESCRIPCIÓN FÍSICA--INFORMACIÓN GENERAL
campo de control de longitud fija t|
008 - DATOS DE LONGITUD FIJA--INFORMACIÓN GENERAL
campo de control de longitud fija 070214s1918 sp r ||||1| spa d
100 1# - ENTRADA PRINCIPAL--NOMBRE DE PERSONA
Nombre de persona Redondo y Carranceja, Arturo de.
9 (RLIN) 95832
245 11 - MENCIÓN DEL TÍTULO
Título Discurso leído en la solemne inauguración del Curso Académico de 1918 a 1919 por el Doctor D. Arturo de Redondo y Carranceja.
260 ## - PUBLICACIÓN, DISTRIBUCIÓN, ETC.
Lugar de publicación, distribución, etc. Madrid :
Nombre del editor, distribuidor, etc. Universidad Central,
Fecha de publicación, distribución, etc. 1918.
300 ## - DESCRIPCIÓN FÍSICA
Extensión 174 p. ;
Dimensiones 27 cm.
500 ## - NOTA GENERAL
Nota general Tema: De la degeneración y de la regeneración de nuestra raza.
594 ## - Nota al título y mención de responsabilidad
Nota al título y mención de responsabilidad Precede al tít.: Universidad Central.
710 2# - ENTRADA AGREGADA--NOMBRE DE ENTIDAD CORPORATIVA
Nombre de entidad corporativa o nombre de jurisdicción como elemento de entrada Universidad Central (Madrid).
Unidad subordinada Facultad de Medicina
9 (RLIN) 7093
852 ## - LOCALIZACIÓN
Ubicación ES-MaACL
Número de control de estantería 1538-F-6
Holdings
Estatus retirado Estado de pérdida Estado de daño No para préstamo Colección Biblioteca de origen Biblioteca actual Ubicación en estantería Fecha de adquisición Fuente de adquisición Total de préstamos Signatura topográfica completa Código de barras Visto por última vez Precio de reemplazo Tipo de ítem Koha
        Colección de folletos Biblioteca del Ateneo de Madrid Biblioteca del Ateneo de Madrid Depósito folletos 17/01/2008     1538-F-6 1129416 23/02/2023 23/02/2023 Folleto